00737nam a2200193 a 450000100100000000500170001000800410002704000250006810000260009324501000011926000560021930000200027549000370029570000360033283000440036804900090041295201050042199900170052600003414320200930070818.0110926s1973 ag 000 0 spa d aDO-SdBNPbspacBNPHU1 aTournier, Paul95956210aConfidencias de un médico /cPaul Tournier ; versión castellana de Federico A. P. Mariotti. aArgentina :bCasa Bautista de Publicaciones,c1973. a87 p. ;c19 cm.1 aBiblioteca de libros condensados1 aP. Mariotti, Federico A.959563 0aBiblioteca de libros condensados959493 aBNPD 001050718MOaGRbGRcCTd2011-09-26iLF1l0o p34143-10r2020-06-25w2020-06-25y1ZNo se presta c33634d33634